| 000 | 00602cam a2200217 a 4500 | ||
|---|---|---|---|
| 001 | 2351691 | ||
| 005 | 20180119051950.0 | ||
| 008 | 831128s1984 nyua b 001 0 eng | ||
| 010 | _a 83025581 | ||
| 020 | _a0070625786 | ||
| 040 |
_aDLC _cDLC _dDLC |
||
| 041 | _aeng | ||
| 080 | _a658.1599 | ||
| 082 | 0 | 0 |
_a658.1599 SWE _219 |
| 100 | _a53 | ||
| 101 | _aMNG | ||
| 245 | 0 | 0 |
_aHandbook of international financial management / _cedited by Allen Sweeny and Robert Rachlin. |
| 504 | _aIncludes bibliographies and index. | ||
| 906 |
_a7 _bcbc _corignew _d1 _eocip _f19 _gy-gencatlg |
||
| 942 |
_2ddc _cBK |
||
| 999 |
_c40563 _d40563 |
||